000 00343nam a22001457a 4500
008 230404b ||||| |||| 00| 0 eng d
020 _a9781581100747
041 _aeng
080 _2FIFTH EDITION
_a618
082 _a618AAP
100 _a15
101 _aGJINEKO
245 _aPERINATAL CARE
_cAMERICAN ACADEMY PEDIATRICS
942 _2udc
_cBK
999 _c59503
_d59503